000 00425pab a2200157 454500
008 180718b2007 xxu||||| |||| 00| 0 eng d
100 _aRada, Codrina
245 _aStagnation or transformation of a dual economy through endogenous productivity growth
260 _c2007
300 _ap.711-40.
362 _aSep
650 _aEconomic growth
773 _aCambridge Journal of Economics
908 _aN
909 _a76498
999 _c76498
_d76498